000 00395nam a22001697a 4500
003 OSt
008 260223b |||||||| |||| 00| 0 eng d
020 _a9788198868985
082 _a808.51 HEP
100 _aHENRY,Aruna
245 _aPitch the Speech
250 _a1st Ed
260 _aNew Delhi
_bKabdwal Book International
_c2025
300 _a172p
700 _aD Henry
942 _2ddc
_cREF
999 _c13845
_d13845